000 00469nam a2200181Ia 4500
003 LK-CoDNM
008 010623t1949 xxu||||| |||| 00| 1 eng d
040 _aLK-CoDNM
_dLK-CoDNM
_eLK-CoDNM
041 _aeng
080 _a392.3
_bLEV
100 _aLevi-Strauss, Claude
245 _aThe elementary structures of kinship
260 _bEyre Spottiswoode
_aLondon
_c1949
300 _b(xlii)541, 23.5 cm
650 _aAnthropology
650 _aCulture
942 _cBK
999 _c101536
_d101536